000 00312nam a2200121Ia 4500
008 191201s1984 xx 000 0 und d
100 _aLEAF, Gav
245 0 _aPractical Statistics for the Textile Industry
260 _aBombay
_bTextile Institute
_c1984
300 _a77
650 _aB.Tech(TE)
942 _2ddc
_cBK
999 _c3745
_d3745